Music Quiz

Random Music or Lyrics Quiz
Score 0/169 Timer 05:00
0 Plays Today
Lyric % Correct
I
96.7%
I
96.7%
I
96.7%
I
96.7%
I
96.7%
I
96.7%
I
96.7%
I
96.7%
the
96.1%
the
96.1%
the
96.1%
And
96.1%
the
96.1%
you
92.5%
ya
92.5%
you
92.5%
You
92.5%
you
92.5%
you
92.5%
you
92.5%
you
92.5%
You
92.5%
your
77.7%
your
77.7%
your
77.7%
your
77.7%
your
77.7%
your
77.7%
your
77.7%
your
77.7%
your
77.7%
your
77.7%
your
77.7%
your
77.7%
your
77.7%
my
74.8%
on
72.1%
back
71.8%
back
71.8%
back
71.8%
back
71.8%
back
71.8%
back
71.8%
Everybody
70.8%
Rock
70.8%
Everybody
70.8%
rock
70.8%
everybody
70.8%
rock
70.8%
Everybody
70.8%
Rock
70.8%
Everybody
70.8%
Rock
70.8%
rock
70.8%
Everybody
70.8%
Rock
70.8%
Everybody
70.8%
Lyric % Correct
Rock
70.8%
Everybody
70.8%
Rock
70.8%
Everybody
70.8%
Rock
70.8%
Everybody
70.8%
Rock
70.8%
Everybody
70.8%
Rock
70.8%
body
70.5%
body
70.5%
body
70.5%
body
70.5%
body
70.5%
body
70.5%
body
70.5%
body
70.5%
body
70.5%
body
70.5%
body
70.5%
body
70.5%
me
69.8%
alright
67.5%
alright
67.5%
alright
67.5%
alright
67.5%
alright
67.5%
Am
66.9%
Am
66.9%
Am
66.9%
Am
66.9%
Am
66.9%
Am
66.9%
Am
66.9%
Am
66.9%
yeah
66.6%
yeah
66.6%
yeah
66.6%
yeah
66.6%
yeah
66.6%
yeah
66.6%
Backstreet's
66.2%
Backstreet's
66.2%
Backstreet's
66.2%
Backstreet's
66.2%
Backstreet's
66.2%
now
65.9%
now
65.9%
Now
65.9%
now
65.9%
right
65.2%
one?
65.2%
right
65.2%
one?
65.2%
right
65.2%
right
65.2%
right
65.2%
Lyric % Correct
we're
63.3%
We're
63.3%
it
63.3%
in
63%
only
62.3%
only
62.3%
Oh
62%
don't
62%
again
61.6%
again
61.6%
God
60.3%
how
59.7%
sexual?
59.7%
hear
59.7%
sexual?
59.7%
show
58.1%
need?
58%
need?
58%
got
57.4%
for
57%
Better
57%
better
57%
better
57%
original?
56.1%
original?
56.1%
everything
55.4%
everything
55.4%
Sisters
55.1%
gonna
54.8%
Brothers
54.4%
just
53.8%
like
53.1%
care
52.8%
If
51.8%
up
51.5%
bring
51.1%
hands
49.5%
question
49.2%
answer
48.9%
air
48.9%
sing
48.5%
let
48.2%
'em
47.5%
flavor
47.2%
throw
46.2%
around
45.6%
wave
44.9%
gotta
44.3%
wanna
44.3%
goin'
43%
party
41%
we've
38.4%
I've
37%
'Cause
36.7%
yell
35.1%
Remove Ads.
Support Sporcle.
Get the best of Sporcle when you Go Orange. This ad-free experience offers more features, more stats, and more fun while also helping to support Sporcle. Thank you for becoming a member.

You're not logged in!

Compare scores with friends on all Sporcle quizzes.
OR
Log In

Show Comments

Extras

Top Quizzes Today


Score Distribution

Your Account Isn't Verified!

In order to create a playlist on Sporcle, you need to verify the email address you used during registration. Go to your Sporcle Settings to finish the process.

Report this User

Report this user for behavior that violates our Community Guidelines.

Details: